LEADER 01832oam 2200493zu 450 001 9910777767403321 005 20210721054621.0 010 $a1-57387-952-5 010 $a1-57387-945-2 035 $a(CKB)1000000000472995 035 $a(SSID)ssj0000259159 035 $a(PQKBManifestationID)12049082 035 $a(PQKBTitleCode)TC0000259159 035 $a(PQKBWorkID)10273529 035 $a(PQKB)10970917 035 $a(MiAaPQ)EBC3316136 035 $a(EXLCZ)991000000000472995 100 $a20160829d2007 uy 101 0 $aeng 181 $ctxt 182 $cc 183 $acr 200 14$aThe thriving library : successful strategies for challenging times 210 31$a[Place of publication not identified]$cInformation Today$d2007 300 $aBibliographic Level Mode of Issuance: Monograph 311 $a1-57387-277-6 327 $aFocusing on children and teens -- The library as place -- Partnerships -- Marketing the library -- Emphasizing the economic value of the library -- Library 2.0 -- Outreach to nontraditional users -- Helping the community achieve its aspirations. 606 $aPublic libraries$xAdministration$zUnited States$vCase studies 606 $aLibraries and community$zUnited States$vInterviews 606 $aLibrarians$zUnited States 606 $aLibrary & Information Science$2HILCC 606 $aSocial Sciences$2HILCC 615 0$aPublic libraries$xAdministration 615 0$aLibraries and community 615 0$aLibrarians 615 7$aLibrary & Information Science 615 7$aSocial Sciences 676 $a025.1/974 700 $aBlock$b Marylaine$01577045 801 0$bPQKB 906 $aBOOK 912 $a9910777767403321 996 $aThe thriving library : successful strategies for challenging times$93855281 997 $aUNINA LEADER 01104nas 2200385 c 450 001 996205671603316 005 20240201115604.0 035 $a(CKB)1000000000529316 035 $a(DE-599)ZDB2375613-5 035 $a(OCoLC)405845685 035 $a(DE-101)984812156 035 $a(EXLCZ)991000000000529316 100 $a20070629a20029999 |y | 101 0 $aspa 135 $aur||||||||||| 181 $ctxt$2rdacontent 182 $cc$2rdamedia 183 $acr$2rdacarrier 200 00$a˜Elœ comportamiento de la industria cafetera colombiana$fFederacio?n Nacional de Cafeteros de Colombia 210 31$aSantafe? de Bogota?$d2002- 215 $aOnline-Ressource 300 $aGesehen am 05.04.11 608 $aZeitschrift$2gnd-content 676 $a630 676 $a640 676 $a380 676 $a330 712 02$aFederacio?n Nacional de Cafeteros de Colombia$4isb 801 0$b0206 801 1$bDE-101 801 2$b9999 906 $aJOURNAL 912 $a996205671603316 996 $aComportamiento de la industria cafetera colombiana$91925743 997 $aUNISA